Introducción a la Psicologia

Bibliographic Details
Main Author: Lahey, Benjamin B.
Format: Section = Libro
Language:Undetermined
Spanish
Published: México México 2007
Edition:9a.ed
Subjects:
LEADER 00653nam a2200241Ia 4500
008 240830s9999 xx 000 0 und d
020 |a 978-970-10-6065-0 
040 |a B-ESTELÍ- RUACS / 155 L183 
041 |a spa 
082 |a 155 L183  
100 1 |a Lahey, Benjamin B. 
245 1 0 |a Introducción a la Psicologia 
250 |a 9a.ed 
260 |a México  |b México  |c 2007 
300 |a 404 p:il 
650 7 |a INTRODUCCION A LA PSICOLOGIA 
650 7 |b  SENSACION Y PERSEPCION 
650 7 |c  APRENDISAJE Y MEMORIA 
650 7 |d  COGNICION-LENGUAJE-INTELIGENCIA 
650 7 |e  MOTIVACION Y EMOCION 
942 |c BK  |2 ddc 
991 |a TEXTO 
999 |c 10622